000 00785nam a2200277Ia 4500
003 OSt
005 20221006144119.0
006 a|||||r|||| 00| 0
007 ta
008 221006b |||||||| |||| 00| 0 eng d
020 _c50.00
024 _a10,908
037 _cTextual
040 _aEASL
_cEASL
_beng
041 _2eng
_aeng
082 _aQ40bW:19(zQ), M0
100 _aFUJII Nichidatsu
_9650890
245 0 _aBuddhism for world peace
_b Words of Nichidatsu Fuji
260 _aTokyo
_bJapan-Bharat Sarvodaya Mitrata Sangha
_c1980
300 _a332p.
_ccm.
490 _v Gen
650 _aGen
700 _a MIYAZAKI Yumiko Tr.
_9650891
942 _hQ40bW:19(zQ), M0
_cTEXL
_2CC
999 _c1078994
_d1078994